000 01125nam a22001697a 4500
999 _c16504
_d16504
008 170922b xxu||||| |||| 00| 0 eng d
020 _a0273758877
040 _aKABU
_cKABU
050 _aHG4026
_b.A76 2013
100 _aArnold, Glen
245 _aEssentials of corparate financial management
_cGlen Arnold
250 _a2nd ed.
260 _aHarlow, England
_bPearson Education
_c2013
300 _axxiii, 544 p.
650 _aCorporations
_xFinance
942 _2lcc
_cBK
_e2nd ed.
_hHG4026 .A76 2013